000 00288nam a22001337a 4500
008 180226b xxu||||| |||| 00| 0 eng d
020 _a9780766842847
041 _aeng
080 _a618.3
100 _a4
101 _aSHM
245 _aINFACTS TOODDLERS
_cLINDA.D.W
942 _2udc
_cBK
999 _c43519
_d43519